| 000 | 02084cam a2200517 i 4500 | ||
|---|---|---|---|
| 001 | xx004571445 | ||
| 003 | NUKAT | ||
| 005 | 20260415151349.0 | ||
| 008 | 190321s2019 pl a |000 0 pol c | ||
| 020 |
_a9788380985711 _q(oprawa miękka) : _czł 5,00 |
||
| 035 | _a(OCoLC)1091244081 | ||
| 035 | _a(NUKAT)xx004571445 | ||
| 040 |
_aKR U/MSo _bpol _erda _cKR U/MSo _dKR U/MSos _dWA U/WI _dOLSZT 008/bak |
||
| 045 | 2 |
_bd1944 _bd1956 |
|
| 046 | _k2019 | ||
| 100 | 1 |
_aWołoszyn, Jacek Witold _d(1972- ). _eAutor _940116 |
|
| 245 | 1 | 0 |
_aZapomniane ogniwo : _bkonspiracja młodzieżowa na ziemiach polskich 1944-56 / _cJacek Wołoszyn. |
| 246 | 3 | 0 | _aKonspiracja młodzieżowa na ziemiach polskich 1944-56 |
| 260 |
_aWarszawa _bInstytut Pamięci Narodowej - Komisja Ścigania Zbrodni przeciwko Narodowi Polskiemu, _c2019. |
||
| 300 |
_a71, [1] strona : _bilustracje ; _c23 cm. |
||
| 336 |
_aTekst _btxt _2rdacontent |
||
| 337 |
_aBez urządzenia pośredniczącego _bn _2rdamedia |
||
| 338 |
_aWolumin _bnc _2rdacarrier |
||
| 380 | _aKsiążki | ||
| 380 | _aPublikacje naukowe | ||
| 388 | 1 | _a2001- | |
| 648 | 7 |
_a1901-2000 _2DBN _934996 |
|
| 648 | 7 |
_a1939-1945 _2DBN _936042 |
|
| 648 | 7 |
_a1945-1989 _2DBN _936043 |
|
| 650 | 7 |
_aAntykomunizm _2DBN _939401 |
|
| 650 | 7 |
_aMłodzież _2DBN _936362 |
|
| 650 | 7 |
_aOpór (postawa) _2DBN _938239 |
|
| 650 | 7 |
_aOrganizacje młodzieżowe _2DBN _939362 |
|
| 650 | 7 |
_aProcesy polityczne _2DBN _940120 |
|
| 650 | 7 |
_aPrześladowania polityczne _2DBN _936911 |
|
| 650 | 7 |
_aOpór wobec władzy _zPolska _y1945-1970. _2kaba _916520 |
|
| 650 | 7 |
_aMłodzież _xdziałalność polityczna _zPolska _y1945-1970. _2kaba _940117 |
|
| 650 | 7 |
_aProcesy polityczne _zPolska _y1945-1970. _2kaba _940121 |
|
| 650 | 7 |
_aRepresje polityczne _zPolska _y1945-1970. _2kaba _940122 |
|
| 651 | 7 |
_aPolska _2DBN _935076 |
|
| 655 | 7 |
_aOpracowanie _2DBN _935024 |
|
| 658 | _aHistoria | ||
| 710 | 2 |
_aInstytut Pamięci Narodowej - Komisja Ścigania Zbrodni przeciwko Narodowi Polskiemu. _eWydawca _4pbl _911792 |
|
| 920 | _a978-83-8098-571-1 (oprawa miękka) : zł 5,00 | ||
| 942 |
_2ddc _cBK_NM |
||
| 999 |
_c27598 _d27598 |
||